La tierra /

Guardado en:
Autor Principal: Enciclopedia Ilustrada Atlántida
Formato: Libro
Publicado: Buenos Aires : Atlantida, 1961
Etiquetas: Agregar Etiqueta
Sin Etiquetas, Sea el primero en etiquetar este registro!
LEADER 00396nam a22001455a 4500
001 CEM.cems002194
005 20060216000000.0
008 130507s1961##################000#0#####d
003 CEMS
082 0 4 |a 910 
100 1 |a Enciclopedia Ilustrada Atlántida 
245 1 0 |a La tierra / 
260 |a Buenos Aires :  |b Atlantida,  |c 1961 
300 |a 65 p. 
859 |a CEMS  |b BIB. CEMS - 11 de abril  |h 910  |i EN16/X  |p 12797.83  |t Ej.1